[Event "Elgoibar 30th"]
[Site "Elgoibar"]
[Date "2021.12.17"]
[Round "6"]
[White "Patino Garcia, Corals"]
[Black "Martinez Fernandez, Adrian"]
[Result "0-1"]
[WhiteElo "1902"]
[BlackElo "2335"]
[PlyCount "34"]
[EventDate "2021.12.14"]
[EventType "tourn"]
[EventRounds "9"]
[EventCountry "ESP"]
[EventCategory "5"]
[SourceTitle "CBM 206 Extra"]
[Source "ChessBase"]
[SourceDate "2022.03.31"]
[SourceVersion "1"]
[SourceVersionDate "2022.03.31"]
[SourceQuality "1"]

1. d4 d5 2. Bf4 c5 3. e3 Nc6 4. Nf3 Nf6 5. Nbd2 Qb6 6. dxc5 Qxb2 7. c4 Bf5 8. Qc1 Qb4 9. Nd4 Nxd4 10. exd4 g6 11. Be2 Bg7 12. 0-0 0-0 13. h3 Rad8 14. g4 Bc8 15. Rb1 Qa4 16. Rb5 dxc4 17. Qb1 Nd5 0-1

[Event "Elgoibar 30th"]
[Site "Elgoibar"]
[Date "2021.12.15"]
[Round "3"]
[White "Patino Garcia, Corals"]
[Black "Zwirs, Nico"]
[Result "0-1"]
[WhiteElo "1902"]
[BlackElo "2457"]
[PlyCount "80"]
[EventDate "2021.12.14"]
[EventType "tourn"]
[EventRounds "9"]
[EventCountry "ESP"]
[EventCategory "5"]
[SourceTitle "CBM 206 Extra"]
[Source "ChessBase"]
[SourceDate "2022.03.31"]
[SourceVersion "1"]
[SourceVersionDate "2022.03.31"]
[SourceQuality "1"]

1. d4 d5 2. Bf4 c5 3. e3 Nc6 4. c3 Nf6 5. Bd3 Qb6 6. b3 Bg4 7. Nf3 g6 8. h3 Bf5 9. Bxf5 gxf5 10. Ne5 Rg8 11. 0-0 Rd8 12. Nd2 Nxe5 13. Bxe5 Nd7 14. Nf3 Qg6 15. g3 Qh5 16. Kg2 Nxe5 17. Nxe5 Qxd1 18. Rfxd1 e6 19. Rac1 Bd6 20. f4 h5 21. h4 f6 22. Nd3 c4 23. Ne1 cxb3 24. axb3 Rd7 25. c4 Rdg7 26. cxd5 Rxg3+ 27. Kf2 exd5 28. Rc8+ Kd7 29. Rxg8 Rxg8 30. Ra1 a6 31. Rc1 b6 32. Rc2 a5 33. Nf3 Bb4 34. Rc1 b5 35. Rc2 a4 36. bxa4 bxa4 37. Rb2 Rb8 38. Ke2 a3 39. Ra2 Kc6 40. Kd3 Kb5 0-1

[Event "Online Olym Div2 D"]
[Site "Chess.com INT"]
[Date "2021.09.03"]
[Round "5.2"]
[White "Vidic, Teja"]
[Black "Patino Garcia, Corals"]
[Result "1-0"]
[WhiteElo "2172"]
[BlackElo "1916"]
[PlyCount "61"]
[EventDate "2021.09.02"]
[EventType "team (rapid)"]
[EventRounds "9"]
[EventCountry "USA"]
[SourceTitle "CBM 204 Extra"]
[Source "ChessBase"]
[SourceDate "2021.11.30"]
[SourceVersion "1"]
[SourceVersionDate "2021.11.30"]
[SourceQuality "1"]
[WhiteTeam "Slovenia"]
[BlackTeam "Venezuela"]
[WhiteTeamCountry "SLO"]
[BlackTeamCountry "VEN"]

1. e4 e5 2. Nf3 Nc6 3. d4 exd4 4. Nxd4 Nf6 5. Nxc6 bxc6 6. e5 Nd5 7. c4 Nb6 8. Bd3 Ba6 9. b3 Qe7 10. 0-0 g6 11. f4 Bg7 12. Ba3 c5 13. Nd2 0-0 14. Ne4 d6 15. Qg4 Bc8 16. Qg3 Bf5 17. Rae1 Qd7 18. Nf6+ Bxf6 19. exf6 Bxd3 20. Qxd3 Rfe8 21. Qg3 Rxe1 22. Qxe1 Re8 23. Qh4 Qd8 24. f5 Nd7 25. fxg6 hxg6 26. Bc1 Nf8 27. Qh6 Ne6 28. h4 d5 29. h5 gxh5 30. Rf5 dxc4 31. Rg5+ 1-0

[Event "Online Olym Div3 E"]
[Site "Chess.com INT"]
[Date "2021.08.28"]
[Round "4.2"]
[White "Patino Garcia, Corals"]
[Black "Rondon Chacon, Yolys Desiree"]
[Result "1-0"]
[WhiteElo "1916"]
[BlackElo "1707"]
[PlyCount "85"]
[EventDate "2021.08.27"]
[EventType "team-tourn (rapid)"]
[EventRounds "9"]
[EventCountry "USA"]
[SourceTitle "CBM 204 Extra"]
[Source "ChessBase"]
[SourceDate "2021.11.30"]
[SourceVersion "1"]
[SourceVersionDate "2021.11.30"]
[SourceQuality "1"]
[WhiteTeam "Venezuela"]
[BlackTeam "Panama"]
[WhiteTeamCountry "VEN"]
[BlackTeamCountry "PAN"]

1. d4 Nf6 2. Bf4 d5 3. e3 g6 4. Bd3 Bg7 5. h4 h5 6. Nf3 Bg4 7. c3 Nbd7 8. Nbd2 a6 9. Qc2 Bxf3 10. Nxf3 c5 11. Bxg6 Nf8 12. Bd3 c4 13. Be2 Ne6 14. Ne5 Nxf4 15. exf4 Qc7 16. Bf3 e6 17. g3 0-0-0 18. 0-0-0 Ne8 19. Bg2 Nd6 20. Rhe1 Kb8 21. Kb1 Rde8 22. Re2 Bxe5 23. fxe5 Nf5 24. Bxd5 Nxg3 25. fxg3 exd5 26. Qf5 Reg8 27. Qf3 Qd7 28. Rf1 Rg7 29. Ref2 Rhg8 30. Qxh5 Rxg3 31. Rxf7 Qh3 32. Qh7 Qc8 33. h5 Rg1 34. a3 Rxf1+ 35. Rxf1 Qg4 36. Ka2 Rg7 37. Rf8+ Ka7 38. Qh8 Qd7 39. Ra8+ Kb6 40. Qd8+ Qxd8 41. Rxd8 Rh7 42. Rxd5 Rxh5 43. Rc5 1-0

[Event "Online Olym Div3 E"]
[Site "Chess.com INT"]
[Date "2021.08.27"]
[Round "1.5"]
[White "Patino Garcia, Corals"]
[Black "Horn, Lure"]
[Result "1-0"]
[WhiteElo "1916"]
[BlackElo "1066"]
[PlyCount "113"]
[EventDate "2021.08.27"]
[EventType "team-tourn (rapid)"]
[EventRounds "9"]
[EventCountry "USA"]
[SourceTitle "CBM 204 Extra"]
[Source "ChessBase"]
[SourceDate "2021.11.30"]
[SourceVersion "1"]
[SourceVersionDate "2021.11.30"]
[SourceQuality "1"]
[WhiteTeam "Venezuela"]
[BlackTeam "Namibia"]
[WhiteTeamCountry "VEN"]
[BlackTeamCountry "NAM"]

1. d4 d5 2. Bf4 Nf6 3. e4 Nxe4 4. Bd3 Nf6 5. c3 Bg4 6. Qb3 b6 7. Nd2 Nbd7 8. Ngf3 e6 9. Ne5 Nxe5 10. Bxe5 Bd6 11. Bb5+ Nd7 12. Bxg7 Rg8 13. Bh6 Qf6 14. Be3 Rc8 15. Qa4 Qd8 16. h3 Bh5 17. g4 Bg6 18. h4 h5 19. g5 a5 20. f4 Kf8 21. Bxd7 Rb8 22. Bc6 Kg7 23. Rg1 Kh8 24. Nf3 Be4 25. Ne5 Bxe5 26. fxe5 Qe7 27. Qd1 Bg6 28. Bb5 Rbc8 29. Be2 c6 30. Bxh5 Kh7 31. Bxg6+ fxg6 32. Rf1 b5 33. Rf6 Rg7 34. Qg4 Re8 35. h5 gxh5 36. Qxh5+ Kg8 37. Rh6 Rh7 38. Rxh7 Qxh7 39. Qxe8+ Kg7 40. Qe7+ Kg6 41. Qxh7+ Kxh7 42. Kf2 Kg6 43. Rh1 Kg7 44. Kg3 a4 45. Kg4 Kf7 46. Rh7+ Kg6 47. Re7 a3 48. bxa3 b4 49. Rxe6+ Kf7 50. Rf6+ Ke7 51. cxb4 c5 52. bxc5 Kd7 53. g6 Kc7 54. g7 Kd7 55. g8Q Ke7 56. Qg7+ Ke8 57. Rf8# 1-0

[Event "Tres Cantos op 11th"]
[Site "Tres Cantos"]
[Date "2019.06.28"]
[Round "7"]
[White "Gonzalez Pinar, Adrian"]
[Black "Patino Garcia, Corals"]
[Result "1-0"]
[WhiteElo "1767"]
[BlackElo "1961"]
[PlyCount "77"]
[EventDate "2019.06.22"]
[EventType "swiss"]
[EventRounds "9"]
[EventCountry "ESP"]
[SourceTitle "CBM 195 Extra"]
[Source "ChessBase"]
[SourceDate "2020.05.31"]
[SourceVersion "1"]
[SourceVersionDate "2020.05.31"]
[SourceQuality "1"]

1. d4 e6 2. c4 Nf6 3. Nc3 Bb4 4. e3 0-0 5. Bd3 b6 6. Nf3 Bb7 7. 0-0 Bxc3 8. bxc3 Ne4 9. Qc2 f5 10. c5 Rf6 11. Ne1 bxc5 12. Rb1 Ba6 13. Rxb8 Rxb8 14. Bxa6 cxd4 15. cxd4 e5 16. Bd3 Rc6 17. Qd1 Nc3 18. Qd2 e4 19. d5 Rh6 20. Qxc3 Qh4 21. Qxc7 Rf8 22. Qg3 exd3 23. Qxh4 Rxh4 24. Nxd3 Ra4 25. a3 Ra5 26. Nf4 g5 27. Nh5 Rxd5 28. Bb2 Rd6 29. Bd4 Rh6 30. Ng3 Ra6 31. Rb1 f4 32. Ne4 h6 33. Rb7 Rc8 34. h3 Rc1+ 35. Kh2 Rxa3 36. Rxd7 Rb3 37. Be5 fxe3 38. Nf6+ Kf8 39. Bd6# 1-0

[Event "Tres Cantos op 11th"]
[Site "Tres Cantos"]
[Date "2019.06.26"]
[Round "5"]
[White "Patino Garcia, Corals"]
[Black "Garcia Paolicchi, Raul"]
[Result "0-1"]
[WhiteElo "1961"]
[BlackElo "2123"]
[PlyCount "64"]
[EventDate "2019.06.22"]
[EventType "swiss"]
[EventRounds "9"]
[EventCountry "ESP"]
[SourceTitle "CBM 195 Extra"]
[Source "ChessBase"]
[SourceDate "2020.05.31"]
[SourceVersion "1"]
[SourceVersionDate "2020.05.31"]
[SourceQuality "1"]

1. d4 d5 2. c4 dxc4 3. e3 e5 4. Bxc4 Bb4+ 5. Nc3 exd4 6. exd4 Qe7+ 7. Nge2 Nf6 8. 0-0 0-0 9. Bg5 c6 10. Re1 Nbd7 11. Ng3 Qd8 12. a3 Bxc3 13. bxc3 Qa5 14. Bd2 Qc7 15. Bd3 c5 16. Re7 Qd8 17. Nf5 Nb6 18. Re3 cxd4 19. Nxd4 Bg4 20. Qc2 Bh5 21. f4 Nbd5 22. Rg3 Re8 23. f5 Qd6 24. Bh6 Bg4 25. Bg5 Rac8 26. Bxf6 Nxf6 27. Kh1 h5 28. Nf3 Re3 29. Rd1 h4 30. Nxh4 Bxd1 31. Qxd1 Rxg3 32. hxg3 Rd8 0-1

[Event "VEN-ch (Women)"]
[Site "Bolivariana"]
[Date "2019.04.18"]
[Round "9"]
[White "Vargas Ortiz, Grecia Valentina"]
[Black "Patino Garcia, Corals"]
[Result "1/2-1/2"]
[WhiteElo "1602"]
[BlackElo "1977"]
[PlyCount "81"]
[EventDate "2019.04.13"]
[EventType "tourn"]
[EventRounds "10"]
[EventCountry "VEN"]
[SourceTitle "CBM 190 Extra"]
[Source "ChessBase"]
[SourceDate "2019.07.15"]
[SourceVersion "1"]
[SourceVersionDate "2019.07.15"]
[SourceQuality "1"]

1. Nf3 d5 2. c4 c6 3. Nc3 Nf6 4. e3 g6 5. b3 Bg7 6. Bb2 Bg4 7. d4 0-0 8. h3 Bxf3 9. Qxf3 Re8 10. cxd5 cxd5 11. Bb5 Nc6 12. 0-0 Rc8 13. Rac1 Qd6 14. Rfd1 a6 15. Bf1 b5 16. Qe2 e6 17. Qd2 Ne4 18. Nxe4 dxe4 19. a4 Na7 20. Qa5 bxa4 21. Qxa4 Nb5 22. Bxb5 axb5 23. Qxb5 Rb8 24. Qa4 Qd5 25. Rc4 Bf8 26. Rdc1 Ra8 27. Qc6 Qxc6 28. Rxc6 Reb8 29. Ra1 Rxa1+ 30. Bxa1 Rxb3 31. Rc1 h6 32. g3 g5 33. Bc3 Kh7 34. Ba5 Kg6 35. Kg2 Bg7 36. Bc7 Rb2 37. Bd6 h5 38. Be7 Bh6 39. Rc3 Ra2 40. Rb3 Rc2 41. Ra3 1/2-1/2

[Event "Valencia Amazonas"]
[Site "Valencia"]
[Date "2018.06.30"]
[Round "3.1"]
[White "Patino Garcia, Corals"]
[Black "Rodriguez, Orlando Alexis"]
[Result "1/2-1/2"]
[WhiteElo "2012"]
[BlackElo "2020"]
[PlyCount "62"]
[EventDate "2018.06.30"]
[EventType "schev"]
[EventRounds "6"]
[EventCountry "VEN"]
[SourceTitle "EXT 2019"]
[Source "ChessBase"]
[SourceDate "2018.10.10"]
[SourceVersion "1"]
[SourceVersionDate "2018.10.10"]
[SourceQuality "1"]
[WhiteTeam "Venezuela Olympic (Women)"]
[BlackTeam "Venezuela Inv"]
[WhiteTeamCountry "VEN"]
[BlackTeamCountry "VEN"]

1. d4 Nf6 2. Nf3 g6 3. g3 Bg7 4. Bg2 d5 5. 0-0 0-0 6. c4 c6 7. Nc3 Ne4 8. Bf4 Nd7 9. cxd5 Nxc3 10. bxc3 cxd5 11. Qb3 Nb6 12. a4 Nc4 13. Nd2 Nxd2 14. Bxd2 e5 15. dxe5 Bxe5 16. Bxd5 Bh3 17. Rfd1 Qf6 18. Rab1 Bf5 19. Rbc1 Rad8 20. Qxb7 Rd7 21. Qb3 Rb8 22. Qa2 Rbd8 23. c4 Rb8 24. Qa3 Bb2 25. Bc3 Bxa3 26. Bxf6 Bxc1 27. Rxc1 Rb1 28. Rxb1 Bxb1 29. Be5 Rd8 30. a5 Re8 31. Bd4 a6 1/2-1/2

[Event "VEN-chT Liga Superior qual"]
[Site "Caracas"]
[Date "2018.01.27"]
[Round "3.5"]
[White "Marin Ramirez, Gerardo"]
[Black "Patino Garcia, Corals"]
[Result "0-1"]
[WhiteElo "2149"]
[BlackElo "1997"]
[PlyCount "64"]
[EventDate "2018.01.26"]
[EventType "team-swiss"]
[EventRounds "6"]
[EventCountry "VEN"]
[SourceTitle "EXT 2022"]
[Source "ChessBase"]
[SourceDate "2021.10.06"]
[SourceVersion "1"]
[SourceVersionDate "2021.10.06"]
[SourceQuality "1"]
[WhiteTeam "GM Julio Bolbochan"]
[BlackTeam "Chicas Super Poderosas"]
[WhiteTeamCountry "VEN"]
[BlackTeamCountry "VEN"]

1. d4 d5 2. c4 c6 3. Nc3 e6 4. e3 Bd6 5. Bd2 Nd7 6. Bd3 Nh6 7. e4 dxe4 8. Nxe4 Be7 9. Bxh6 gxh6 10. Qd2 Nf6 11. Ne2 Nxe4 12. Bxe4 Bd7 13. 0-0-0 Qc7 14. Qxh6 Rg8 15. Kb1 0-0-0 16. Qxh7 Rdf8 17. g3 Be8 18. Qh3 f5 19. Bc2 Rh8 20. Qg2 e5 21. d5 e4 22. f3 Bf6 23. fxe4 Qb6 24. Bb3 a5 25. Nf4 fxe4 26. Qxe4 a4 27. c5 Qxc5 28. Qxa4 Kb8 29. Ne6 Bg6+ 30. Ka1 Bxb2+ 31. Kxb2 Rf2+ 32. Bc2 Rxc2+ 0-1

[Event "VEN-chT Liga Superior qual"]
[Site "Caracas"]
[Date "2018.01.26"]
[Round "1.6"]
[White "Patino Garcia, Corals"]
[Black "Tirado Veliz, Henry Jose"]
[Result "1/2-1/2"]
[WhiteElo "1997"]
[BlackElo "2098"]
[PlyCount "80"]
[EventDate "2018.01.26"]
[EventType "team-swiss"]
[EventRounds "6"]
[EventCountry "VEN"]
[SourceTitle "EXT 2022"]
[Source "ChessBase"]
[SourceDate "2021.10.06"]
[SourceVersion "1"]
[SourceVersionDate "2021.10.06"]
[SourceQuality "1"]
[WhiteTeam "Chicas Super Poderosas"]
[BlackTeam "Zerdeja Finance"]
[WhiteTeamCountry "VEN"]
[BlackTeamCountry "VEN"]

1. Nf3 Nf6 2. g3 g6 3. Bg2 Bg7 4. 0-0 c5 5. d4 cxd4 6. Nxd4 Qb6 7. c4 Nc6 8. Nc2 d6 9. Nc3 0-0 10. Qd2 Nb4 11. Ne3 Ng4 12. Ned5 Nxd5 13. Nxd5 Qd8 14. Rb1 Bd7 15. b3 Rb8 16. Ba3 Bc6 17. Bb2 Bxb2 18. Rxb2 Bxd5 19. cxd5 Qb6 20. e4 Rbc8 21. Rc2 Rxc2 22. Qxc2 Qc5 23. Qxc5 dxc5 24. Rc1 b6 25. h3 Ne5 26. f4 Nd7 27. Kf2 Rd8 28. Ke3 e5 29. Bf1 Kf8 30. Bb5 f6 31. Bxd7 Rxd7 32. fxe5 fxe5 33. Rf1+ Ke7 34. g4 Ke8 35. g5 Rf7 36. Rxf7 Kxf7 37. Kd3 b5 38. a4 a6 39. axb5 axb5 40. b4 c4+ 1/2-1/2

[Event "VEN-ch (Women)"]
[Site "Santo Domingo"]
[Date "2018.01.14"]
[Round "11"]
[White "De Los Santos, Jennibet"]
[Black "Patino Garcia, Corals"]
[Result "0-1"]
[WhiteElo "1925"]
[BlackElo "1997"]
[PlyCount "50"]
[EventDate "2018.01.09"]
[EventType "tourn"]
[EventRounds "11"]
[EventCountry "VEN"]
[SourceTitle "CBM 182 Extra"]
[Source "ChessBase"]
[SourceDate "2018.02.23"]
[SourceVersion "1"]
[SourceVersionDate "2018.02.23"]
[SourceQuality "1"]

1. e4 c5 2. Nf3 Nc6 3. Bc4 e6 4. Nc3 a6 5. a4 d6 6. d4 cxd4 7. Nxd4 Qc7 8. 0-0 Nf6 9. Nxc6 bxc6 10. Qe2 Be7 11. Re1 e5 12. a5 0-0 13. Be3 Qb7 14. Bb6 Be6 15. Bxe6 fxe6 16. Qc4 d5 17. Qb3 Bd6 18. f3 Qf7 19. Qa4 Rac8 20. Bf2 Qg6 21. Rad1 Nh5 22. Kh1 Rf6 23. Na2 Nf4 24. Bg3 Bc5 25. Rd2 Qxg3 0-1

[Event "Valencia Martis Cup (Women) 1st"]
[Site "Valencia"]
[Date "2017.12.09"]
[Round "8"]
[White "Patino Garcia, Corals"]
[Black "Carmona Carrillo, Carlos Rafael Arcan"]
[Result "1/2-1/2"]
[WhiteElo "2008"]
[BlackElo "1850"]
[PlyCount "92"]
[EventDate "2017.12.05"]
[EventType "tourn"]
[EventRounds "9"]
[EventCountry "VEN"]
[SourceTitle "CBM 182 Extra"]
[Source "ChessBase"]
[SourceDate "2018.02.23"]
[SourceVersion "1"]
[SourceVersionDate "2018.02.23"]
[SourceQuality "1"]

1. d4 Nf6 2. Nf3 d5 3. c4 c5 4. Nc3 cxd4 5. Nxd4 e5 6. Nf3 e4 7. Nd4 dxc4 8. e3 Nbd7 9. Bxc4 Ne5 10. Be2 Bc5 11. 0-0 0-0 12. Nb3 Bb6 13. Qc2 Bf5 14. Rd1 Qc7 15. h3 a6 16. Nd4 Bg6 17. Na4 Qxc2 18. Nxc2 Ba7 19. b3 Rac8 20. Nd4 b5 21. Nb2 Rfd8 22. a4 Nd3 23. axb5 Bxd4 24. exd4 axb5 25. Nxd3 exd3 26. Bxd3 Rxd4 27. Be2 Rb4 28. Ra5 Bc2 29. Re1 h6 30. Bxb5 Bxb3 31. Ba3 Re4 32. Rb1 Ba2 33. Ra1 Be6 34. Ba6 Ra8 35. Bb2 Rb4 36. Bd3 Rxa5 37. Rxa5 Rb8 38. Be5 Rd8 39. Ra3 Nd7 40. Bd6 Rc8 41. Ra7 Nc5 42. Bxc5 Rxc5 43. Ra8+ Rc8 44. Rxc8+ Bxc8 45. f4 g5 46. Kf2 f5 1/2-1/2

[Event "Valencia Martis Cup (Women) 1st"]
[Site "Valencia"]
[Date "2017.12.08"]
[Round "7"]
[White "De Los Santos, Jennibet"]
[Black "Patino Garcia, Corals"]
[Result "1/2-1/2"]
[WhiteElo "1959"]
[BlackElo "2008"]
[PlyCount "117"]
[EventDate "2017.12.05"]
[EventType "tourn"]
[EventRounds "9"]
[EventCountry "VEN"]
[SourceTitle "CBM 182 Extra"]
[Source "ChessBase"]
[SourceDate "2018.02.23"]
[SourceVersion "1"]
[SourceVersionDate "2018.02.23"]
[SourceQuality "1"]

1. e4 c5 2. c3 d5 3. exd5 Nf6 4. d4 Nxd5 5. Nf3 cxd4 6. cxd4 g6 7. Bc4 Nb6 8. Bb3 Bg7 9. 0-0 0-0 10. Be3 Nc6 11. h3 Nd5 12. Nc3 Nxc3 13. bxc3 Na5 14. Rc1 b5 15. Bc2 Bb7 16. Bd3 a6 17. a4 Qd7 18. axb5 axb5 19. Qe2 Nc4 20. Ra1 Bd5 21. Bf4 Rfc8 22. Rfe1 e6 23. Reb1 Qb7 24. Rxa8 Qxa8 25. Rxb5 Bxf3 26. gxf3 Qa1+ 27. Kg2 Qxc3 28. Bxc4 Rxc4 29. Qe4 Rc8 30. d5 exd5 31. Qxd5 Qf6 32. Qd7 Rf8 33. Be3 h5 34. Rb7 Rd8 35. Qc7 Re8 36. Rb8 Rxb8 37. Qxb8+ Kh7 38. Qf4 Qe6 39. h4 Qf6 40. Qxf6 Bxf6 41. Kg3 Kg7 42. Bd2 Kf8 43. Bb4+ Ke8 44. Bc5 Kd7 45. Bb4 Ke6 46. f4 Kf5 47. Bc5 Ke4 48. Be3 Be7 49. Bc1 Bb4 50. Be3 Ba5 51. Bc1 Bc7 52. Be3 f6 53. Bc1 g5 54. hxg5 fxg5 55. f3+ Kf5 56. Kh3 Bxf4 57. Bb2 Ke6 58. Bc3 Kd5 59. Bf6 1/2-1/2